Derecho romano.
Saved in:
| Main Author: | |
|---|---|
| Format: | Book |
| Published: |
Santiago, Chile
Ediciones Universidad Católica de Chile
2003.
|
| Edition: | Primera edición. |
| Series: | Textos Universitarios. Facultad de Derecho.
|
| Subjects: | |
| Tags: |
Add Tag
No Tags, Be the first to tag this record!
|
MARC
| LEADER | 00000cam a2200000 a 4500 | ||
|---|---|---|---|
| 001 | UCG2791 | ||
| 003 | CL-VaPUC | ||
| 005 | 20250326153653.0 | ||
| 008 | 220706t2003 ||||| |||| 00| 0 eng d | ||
| 999 | |c 436721 |d 436719 | ||
| 020 | |a 956-14-0729-9 | ||
| 040 | |c Pontificia Universidad Católica de Valparaíso | ||
| 082 | 0 | 4 | |a 340.54 SAM 2003 |2 21 |
| 100 | 0 | |a Samper Polo, Francisco |e autor |9 522975 | |
| 245 | 1 | 0 | |a Derecho romano. |
| 250 | |a Primera edición. | ||
| 260 | |a Santiago, Chile |b Ediciones Universidad Católica de Chile |c 2003. | ||
| 300 | |a 421 páginas | ||
| 490 | |a Textos Universitarios. Facultad de Derecho. | ||
| 500 | |a c.1 Donación Familia Prof. Alejandro Guzmán Brito | ||
| 583 | |a last modification |c 20130327 01:49:36 |k Cristina María Rojas Aguilar | ||
| 650 | 0 | |a Derecho romano |9 255930 |x Historia | |
| 650 | 0 | |a Derecho sucesorio (Derecho romano) |9 872235 | |
| 650 | 0 | |a Contratos (Derecho romano) |9 872236 | |
| 650 | 0 | |a Derecho romano |x Fuentes |9 869578 | |
| 942 | |c BK |2 ddc |n 0 | ||
| 952 | |0 0 |1 0 |2 ddc |4 0 |5 1 |6 340_540000000000000_SAM_2003 |7 1 |8 C_AGB |9 584418 |a BIBDER |b BIBDER |d 2022-07-06 |e Donación |i 5652533 |l 1 |o 340.54 SAM 2003 |p 5652533 |r 2023-01-25 |s 2022-11-25 |t 1 |w 2022-07-06 |y BK_US |k AGB | ||